Διαδικασίες αναπαραγωγής του φύλου : εκπαιδευτική θεωρία και φεμινιστικές πολιτικές
Αποθηκεύτηκε σε:
| Κύριος συγγραφέας: | |
|---|---|
| Άλλοι συγγραφείς: | , , |
| Μορφή: | Βιβλίο |
| Γλώσσα: | Greek |
| Δημοσίευση: |
Αθήνα :
Μεταίχμιο,
2006.
|
| Σειρά: | Μελέτες για το φύλο
|
| Θέματα: | |
| Ετικέτες: |
Προσθήκη ετικέτας
Δεν υπάρχουν, Καταχωρήστε ετικέτα πρώτοι!
|
MARC
| LEADER | 00000nam a2200000 i 4500 | ||
|---|---|---|---|
| 001 | 1/24751 | ||
| 008 | 130121s2006####gr 001 | gre|| | ||
| 020 | |a 960375918X | ||
| 035 | |l 10113519 | ||
| 040 | |a GR-MY-UA |b gre |e aacr | ||
| 041 | 0 | |a gre | |
| 082 | 0 | |a 305.3 |2 (22) | |
| 100 | 1 | |a Arnot, Madeleine. | |
| 245 | 1 | 0 | |a Διαδικασίες αναπαραγωγής του φύλου : |b εκπαιδευτική θεωρία και φεμινιστικές πολιτικές / |c Madeleine Arnot ; μετάφραση: Χριστίνα Αθανασιάδου-Κατερίνα Δαλακούρα ; επιστημονική επιμέλεια: Βασιλική Δεληγιάννη-Κουιμτζή. |
| 260 | |a Αθήνα : |b Μεταίχμιο, |c 2006. | ||
| 300 | |a 463 σ. ; |c 24 εκ. | ||
| 490 | 1 | |a (Μελέτες για το φύλο) | |
| 504 | |a Περιέχει βιβλιογραφικές παραπομπές και ευρετήριο. | ||
| 500 | |a Μετάφραση του: Reporting gender? Essays on educational theory and feminist politics. | ||
| 650 | 0 | 0 | |a Gender identity in education. |
| 650 | 0 | 0 | |a Sex discrimination in education. |
| 650 | 0 | 0 | |a Feminism and education. |
| 700 | 1 | |a Αθανασιάδου, Χριστίνα, |e trlf [Μεταφράστρια] | |
| 700 | 1 | |a Δαλακούρα, Κατερίνα, |e trlf [Μεταφράστρια] | |
| 700 | 1 | |a Δεληγιάννη-Κουϊμτζή, Βασιλική, |e edtf [Επιμελήτρια] | |
| 830 | 0 | |a Μελέτες για το φύλο | |
| 852 | |a INST |b LESVOS |c EUDOXUS |e 20170503 |h 305.3 ARN |p 005100059088 |q 005100059088 |t BK |y 0 | ||
| 852 | |a INST |b RHODES |c EUDOXUS |e 20130121 |h 305.3 ARN |p 005400034800 |q 005400034800 |t EDX |y 0 | ||
| 901 | |a BIBL4-2013-1 | ||
| 909 | |a Ρ |b 176336 | ||
| 920 | |a ΕΥΔΟΞΟΣ |b ΕΠΙΣΤΡΟΦΗ |y Ρόδος |z 2013-01 | ||
| 920 | |a Εύδοξος |b Παραγγελία |y Λέσβος-ΤΚ |z 2017-04 | ||
| 970 | |z 2013/01/21 | ||